[Event "CRO Cup"]
[Site "Mali Losinj"]
[Date "2017.05.13"]
[Round "5.4"]
[White "Ljubicic, Filip"]
[Black "Plenca, Jadranko"]
[Result "1/2-1/2"]
[WhiteElo "2385"]
[BlackElo "2406"]
[PlyCount "98"]
[EventDate "2017.05.10"]
[EventType "team-swiss"]
[EventRounds "6"]
[EventCountry "CRO"]
[SourceTitle "CBM 178 Extra"]
[Source "ChessBase"]
[SourceDate "2017.06.22"]
[SourceVersion "1"]
[SourceVersionDate "2017.06.22"]
[SourceQuality "1"]
[WhiteTeam "Split Brda"]
[BlackTeam "Split Mornar"]
[WhiteTeamCountry "CRO"]
[BlackTeamCountry "CRO"]

1. e4 c5 2. c3 d5 3. exd5 Qxd5 4. d4 Nc6 5. Nf3 Bf5 6. Be3 Bxb1 7. Rxb1 cxd4 8. Nxd4 Nxd4 9. Bxd4 0-0-0 10. Be2 e5 11. Bf3 Qe6 12. Qe2 Bd6 13. Qe4 Rd7 14. Bg4 Nf6 15. Bxe6 Nxe4 16. Bxd7+ Kxd7 17. Be3 Kc6 18. f3 Nf6 19. c4 a5 20. 0-0 Nd7 21. Rfd1 Nc5 22. Rd5 Re8 23. Rbd1 Re6 24. Kf1 e4 25. Rf5 Nd3 26. c5 Bxh2 27. Rxf7 Nxb2 28. Rd4 exf3 29. Rxf3 Be5 30. Rd8 Nc4 31. Bf4 Bf6 32. Rc8+ Kd5 33. Rc7 g5 34. Bxg5 Bxg5 35. Rf5+ Re5 36. Rxe5+ Nxe5 37. Rxh7 Be3 38. Rxb7 Bxc5 39. Ke2 a4 40. Kd2 Kc4 41. Kc2 Ng4 42. Rg7 Ne3+ 43. Kb1 Bd4 44. Rg8 Kd3 45. Rd8 a3 46. Ra8 Bb2 47. Rb8 Bc3 48. g4 Nd5 49. Rd8 Ke4 1/2-1/2

[Event "CRO Cup"]
[Site "Mali Losinj"]
[Date "2017.05.12"]
[Round "4.5"]
[White "Trbojevic, Mladen"]
[Black "Ljubicic, Filip"]
[Result "0-1"]
[WhiteElo "2346"]
[BlackElo "2385"]
[PlyCount "126"]
[EventDate "2017.05.10"]
[EventType "team-swiss"]
[EventRounds "6"]
[EventCountry "CRO"]
[SourceTitle "CBM 178 Extra"]
[Source "ChessBase"]
[SourceDate "2017.06.22"]
[SourceVersion "1"]
[SourceVersionDate "2017.06.22"]
[SourceQuality "1"]
[WhiteTeam "Strigova Stridon"]
[BlackTeam "Split Brda"]
[WhiteTeamCountry "CRO"]
[BlackTeamCountry "CRO"]

1. e4 c5 2. c3 Nf6 3. e5 Nd5 4. Nf3 e6 5. d4 cxd4 6. cxd4 d6 7. Bc4 Nc6 8. 0-0 Nb6 9. Bd3 d5 10. Nc3 h6 11. a3 a6 12. Be3 Bd7 13. Nd2 Na5 14. b4 Rc8 15. bxa5 Rxc3 16. Qb1 Na4 17. Be2 Rc7 18. Bd3 Be7 19. f4 Rc3 20. Rf3 Qxa5 21. f5 Qb6 22. Qf1 exf5 23. Rb1 Qc7 24. g4 Rxd3 25. Qxd3 fxg4 26. Rf2 0-0 27. Nf1 b5 28. Rc1 Qd8 29. Ng3 Nb6 30. Rcf1 Nc4 31. Bc1 Bg5 32. Nh5 Bxc1 33. Rxc1 Qg5 34. Nf4 Bf5 35. Qg3 h5 36. h4 Qh6 37. Rcf1 Be4 38. e6 fxe6 39. Nxd5 Rxf2 40. Ne7+ Kh7 41. Qxf2 Qd2 42. Qxd2 Nxd2 43. Rf4 g3 44. Nc8 Bb7 45. Nd6 Bd5 46. Nf7 a5 47. Ne5 Kg8 48. Rf7 b4 49. axb4 axb4 50. Rc7 b3 51. Rc8+ Kh7 52. Rb8 Be4 53. Rb6 g5 54. hxg5 h4 55. g6+ Kh6 56. Rb8 Bxg6 57. Nxg6 Kxg6 58. Kg2 Kg5 59. Kh3 Kf4 60. Kg2 Ke3 61. Rb4 Kd3 62. Kh3 Kc3 63. Rb6 b2 0-1

[Event "CRO Cup"]
[Site "Mali Losinj"]
[Date "2017.05.11"]
[Round "2.2"]
[White "Kovacevic, Blazimir"]
[Black "Ljubicic, Filip"]
[Result "1-0"]
[WhiteElo "2479"]
[BlackElo "2385"]
[PlyCount "81"]
[EventDate "2017.05.10"]
[EventType "team-swiss"]
[EventRounds "6"]
[EventCountry "CRO"]
[SourceTitle "CBM 178 Extra"]
[Source "ChessBase"]
[SourceDate "2017.06.22"]
[SourceVersion "1"]
[SourceVersionDate "2017.06.22"]
[SourceQuality "1"]
[WhiteTeam "Rijeka Liburnija"]
[BlackTeam "Split Brda"]
[WhiteTeamCountry "CRO"]
[BlackTeamCountry "CRO"]

1. Nf3 g6 2. e4 d6 3. d4 Nf6 4. Bd3 Bg7 5. 0-0 0-0 6. Re1 Nc6 7. c3 e5 8. Na3 Bg4 9. Nc2 d5 10. Bg5 dxe4 11. Bxe4 exd4 12. Bxc6 bxc6 13. Ncxd4 Qd5 14. Qa4 c5 15. Nc6 Rfe8 16. Re5 Qd7 17. Rd1 Rxe5 18. Rxd7 Re4 19. Ne7+ Kf8 20. Qc6 Re8 21. Bxf6 Bxf6 22. Qxe4 Bxd7 23. Ne5 Rxe7 24. Nxd7+ Rxd7 25. g3 Kg7 26. Qe2 Rd6 27. Kf1 Re6 28. Qc4 Be7 29. Qa4 a6 30. Qd7 Bd6 31. Qc8 Be5 32. f4 Bd6 33. Qxa6 h6 34. Qc4 g5 35. fxg5 hxg5 36. a4 Re5 37. a5 f5 38. a6 f4 39. a7 fxg3 40. hxg3 Rf5+ 41. Kg2 1-0

[Event "Split op 2nd"]
[Site "Split"]
[Date "2012.08.19"]
[Round "9"]
[White "Srbis, Jurica"]
[Black "Ljubicic, Filip"]
[Result "0-1"]
[WhiteElo "2298"]
[BlackElo "2390"]
[PlyCount "70"]
[EventDate "2012.08.11"]
[EventType "swiss"]
[EventRounds "9"]
[EventCountry "CRO"]
[SourceTitle "CBM 149 Extra"]
[Source "ChessBase"]
[SourceDate "2012.08.24"]
[SourceVersion "1"]
[SourceVersionDate "2012.08.24"]
[SourceQuality "1"]

1. e4 c5 2. Nf3 a6 3. c3 d5 4. exd5 Qxd5 5. d4 Nf6 6. Be2 e6 7. 0-0 Nbd7 8. c4 Qd6 9. Nc3 Be7 10. h3 cxd4 11. Nxd4 Ne5 12. Be3 Bd7 13. f4 Nc6 14. Nb3 Rc8 15. Rc1 Qc7 16. Qe1 0-0 17. Qf2 Bd8 18. Rfd1 Ne7 19. g4 Bc6 20. Rd2 Ng6 21. Rcd1 Be7 22. f5 exf5 23. gxf5 Ne5 24. a3 b5 25. cxb5 axb5 26. Bf4 Ba8 27. Qg3 Qb6+ 28. Be3 Qb7 29. Nd5 Nxd5 30. Rxd5 Bf6 31. Bf4 Qa7+ 32. Be3 Qe7 33. Rd6 Nf3+ 34. Bxf3 Qxe3+ 35. Kh2 Be5 0-1

[Event "Split op 2nd"]
[Site "Split"]
[Date "2012.08.17"]
[Round "7"]
[White "Zelic, Mladen"]
[Black "Ljubicic, Filip"]
[Result "1/2-1/2"]
[WhiteElo "2276"]
[BlackElo "2390"]
[PlyCount "133"]
[EventDate "2012.08.11"]
[EventType "swiss"]
[EventRounds "9"]
[EventCountry "CRO"]
[SourceTitle "CBM 149 Extra"]
[Source "ChessBase"]
[SourceDate "2012.08.24"]
[SourceVersion "1"]
[SourceVersionDate "2012.08.24"]
[SourceQuality "1"]

1. e4 d5 2. exd5 Qxd5 3. Nf3 Nf6 4. d4 Nc6 5. Be2 Bg4 6. 0-0 e6 7. c4 Qd7 8. Be3 Rd8 9. Nc3 Be7 10. Qa4 0-0 11. Rad1 a6 12. d5 exd5 13. Nxd5 Nxd5 14. cxd5 Bxf3 15. Bxf3 Ne5 16. Qe4 Nxf3+ 17. Qxf3 Qa4 18. Bd4 Rfe8 19. a3 Bf8 20. h3 Rd7 21. Qg3 Rd6 22. Qf3 Qb5 23. Bc3 Qd7 24. Rd3 Rg6 25. Re3 Rd8 26. Rd1 Bc5 27. Re4 Bd6 28. Rg4 Rxg4 29. hxg4 Bf8 30. Rd4 h6 31. g3 Re8 32. Kg2 Rd8 33. Qe4 Bc5 34. Rd2 Re8 35. Qf3 Qb5 36. Qf5 Re1 37. Rd3 Re2 38. Rf3 Qe8 39. g5 hxg5 40. Qxg5 Bf8 41. Re3 Rxe3 42. Qxe3 Qxe3 43. fxe3 f6 44. Kf3 Kf7 45. e4 Bd6 46. Kg4 c6 47. dxc6 bxc6 48. a4 Ke6 49. b3 g6 50. Kf3 f5 51. exf5+ gxf5 52. Be1 Kd5 53. Ke3 Be5 54. Kd3 Bd4 55. Bd2 Bf2 56. Bf4 Kc5 57. Bb8 Kb4 58. Kc2 c5 59. Bf4 c4 60. Bd6+ Bc5 61. Bxc5+ Kxc5 62. Kc3 cxb3 63. Kxb3 Kd4 64. Kb4 Ke3 65. Ka5 Kf3 66. Kxa6 Kxg3 67. Kb7 1/2-1/2

[Event "Split op 2nd"]
[Site "Split"]
[Date "2012.08.16"]
[Round "6"]
[White "Ljubicic, Filip"]
[Black "Thiel, Kuno"]
[Result "1-0"]
[WhiteElo "2390"]
[BlackElo "2215"]
[PlyCount "47"]
[EventDate "2012.08.11"]
[EventType "swiss"]
[EventRounds "9"]
[EventCountry "CRO"]
[SourceTitle "CBM 149 Extra"]
[Source "ChessBase"]
[SourceDate "2012.08.24"]
[SourceVersion "1"]
[SourceVersionDate "2012.08.24"]
[SourceQuality "1"]

1. e4 Nf6 2. e5 Nd5 3. d4 d6 4. Nf3 g6 5. Bc4 c6 6. 0-0 Bg7 7. Bb3 0-0 8. c4 Nb6 9. exd6 exd6 10. Bg5 Bf6 11. Bf4 Bg4 12. Nc3 d5 13. c5 Nc8 14. h3 Bxf3 15. Qxf3 Bxd4 16. Nxd5 cxd5 17. Bxb8 Bxc5 18. Be5 Bd6 19. Bc3 Nb6 20. Rfd1 Qg5 21. g3 Rfe8 22. Bxd5 Nxd5 23. Rxd5 Be5 24. h4 1-0

[Event "Split op 2nd"]
[Site "Split"]
[Date "2012.08.12"]
[Round "2"]
[White "Ljubicic, Filip"]
[Black "Ivic, Lovre"]
[Result "1-0"]
[WhiteElo "2390"]
[BlackElo "1536"]
[PlyCount "76"]
[EventDate "2012.08.11"]
[EventType "swiss"]
[EventRounds "9"]
[EventCountry "CRO"]
[SourceTitle "CBM 149 Extra"]
[Source "ChessBase"]
[SourceDate "2012.08.24"]
[SourceVersion "1"]
[SourceVersionDate "2012.08.24"]
[SourceQuality "1"]

1. e4 e5 2. Nf3 Nc6 3. Bb5 d6 4. Nc3 Nf6 5. d4 exd4 6. Nxd4 Bd7 7. Bg5 Be7 8. 0-0 0-0 9. Re1 Nxd4 10. Qxd4 c5 11. Qd3 Bxb5 12. Nxb5 Qb6 13. Nc3 c4 14. Qd2 Rfe8 15. h3 Rad8 16. Rad1 h6 17. Bh4 a6 18. Qc1 Qc6 19. Qd2 b5 20. Re2 b4 21. Bxf6 Bxf6 22. Nd5 Bg5 23. Qxb4 Rb8 24. Qc3 Rb5 25. b4 Re5 26. f4 Rexd5 27. Rxd5 Rxd5 28. exd5 Qb6+ 29. Qe3 Qxe3+ 30. Rxe3 Bxf4 31. Re4 Be5 32. Rxc4 Kf8 33. Rc6 Ke7 34. Rxa6 Kd7 35. Ra7+ Ke8 36. Kf1 Bd4 37. Rb7 f5 38. b5 Kd8 1-0

[Event "Split op 2nd"]
[Site "Split"]
[Date "2012.08.11"]
[Round "1"]
[White "Bleuzen, Cedric"]
[Black "Ljubicic, Filip"]
[Result "1/2-1/2"]
[WhiteElo "1986"]
[BlackElo "2390"]
[PlyCount "125"]
[EventDate "2012.08.11"]
[EventType "swiss"]
[EventRounds "9"]
[EventCountry "CRO"]
[SourceTitle "CBM 149 Extra"]
[Source "ChessBase"]
[SourceDate "2012.08.24"]
[SourceVersion "1"]
[SourceVersionDate "2012.08.24"]
[SourceQuality "1"]

1. d4 Nf6 2. Nf3 d6 3. Bg5 Nbd7 4. e3 h6 5. Bh4 c5 6. c3 a6 7. Nbd2 b6 8. Bd3 Bb7 9. Qe2 e6 10. 0-0 Be7 11. Rfd1 g5 12. Bg3 g4 13. Ne1 h5 14. Bh4 Nd5 15. Bxe7 Qxe7 16. e4 Nf4 17. Qe3 e5 18. dxe5 dxe5 19. Nc4 Rh6 20. Bf1 Rf6 21. Rd2 b5 22. Na5 Bc8 23. Rad1 Rb8 24. Nb3 Kf8 25. Na5 Kg7 26. g3 Ng6 27. Qg5 Ndf8 28. Qxh5 Qc7 29. b4 Be6 30. Ng2 Nd7 31. Ne3 Rh8 32. Qg5 cxb4 33. cxb4 Rf3 34. Nf5+ Bxf5 35. exf5 Nf6 36. fxg6 Rh5 37. Qxh5 Nxh5 38. Bg2 Kxg6 39. Nc6 Rf6 40. Be4+ Kg7 41. Rc2 Rd6 42. Rdc1 Nf6 43. Bf5 Rd5 44. Nd4 Qd6 45. Rc6 Qxb4 46. Nc2 Qa4 47. Ne3 Rd2 48. Bc2 Qa3 49. Nf5+ Kg6 50. Ne3+ Kg7 51. Nf5+ Kf8 52. Bb3 Rd8 53. R1c3 Ne4 54. Rc2 Ng5 55. Rh6 Kg8 56. Rg6+ Kf8 57. Rxg5 Qb4 58. Rc1 Qd2 59. Rc7 Qe1+ 60. Kg2 Qe4+ 61. Kg1 Qe1+ 62. Kg2 Qe4+ 63. Kg1 1/2-1/2

[Event "CRO-chT1B 19th"]
[Site "Sibenik"]
[Date "2010.09.12"]
[Round "9"]
[White "Ljubicic, Filip"]
[Black "Erdos, Viktor"]
[Result "0-1"]
[WhiteElo "2380"]
[BlackElo "2576"]
[PlyCount "70"]
[EventDate "2010.09.04"]
[EventType "team-tourn"]
[EventRounds "9"]
[EventCountry "CRO"]
[SourceTitle "CBM 138 Extra"]
[Source "ChessBase"]
[SourceDate "2010.10.29"]
[SourceVersion "1"]
[SourceVersionDate "2010.10.29"]
[SourceQuality "1"]

1. e4 e5 2. Nf3 Nc6 3. Bb5 a6 4. Ba4 Nf6 5. 0-0 Be7 6. Re1 b5 7. Bb3 d6 8. c3 0-0 9. h3 Na5 10. Bc2 c5 11. d4 Nd7 12. Nbd2 cxd4 13. cxd4 Nc6 14. Bb3 Nb6 15. Nf1 Nxd4 16. Nxd4 exd4 17. Qxd4 Bf6 18. Qd3 Be6 19. Ne3 Rc8 20. Ng4 Bxg4 21. hxg4 Nc4 22. Re2 Rc5 23. a4 Qc8 24. axb5 Ne5 25. Qd1 Qxg4 26. Re1 Qh4 27. bxa6 Ng4 28. Qf3 Bd4 29. Be3 Bxe3 30. fxe3 Rh5 31. Qxg4 Qxg4 32. Bd1 Rh1+ 33. Kxh1 Qh4+ 34. Kg1 Qxe1+ 35. Kh2 g6 0-1

[Event "CRO-chT1B 19th"]
[Site "Sibenik"]
[Date "2010.09.10"]
[Round "7"]
[White "Ljubicic, Filip"]
[Black "Ragger, Markus"]
[Result "1/2-1/2"]
[WhiteElo "2380"]
[BlackElo "2628"]
[PlyCount "57"]
[EventDate "2010.09.04"]
[EventType "team-tourn"]
[EventRounds "9"]
[EventCountry "CRO"]
[SourceTitle "CBM 138 Extra"]
[Source "ChessBase"]
[SourceDate "2010.10.29"]
[SourceVersion "1"]
[SourceVersionDate "2010.10.29"]
[SourceQuality "1"]

1. e4 e5 2. Nf3 Nc6 3. Bb5 a6 4. Ba4 Nf6 5. 0-0 Be7 6. Re1 b5 7. Bb3 d6 8. c3 0-0 9. h3 Nb8 10. d4 Nbd7 11. Nbd2 Bb7 12. Bc2 Re8 13. Nf1 Bf8 14. Ng3 g6 15. b3 exd4 16. cxd4 c5 17. d5 Bg7 18. Bf4 Nxd5 19. exd5 Rxe1+ 20. Qxe1 Qf6 21. Rd1 Qxf4 22. Qe7 Bc8 23. Ne4 Bf8 24. Qd8 Kg7 25. Qc7 Ne5 26. Nxe5 Qxe5 27. Qc6 Rb8 28. Qc7 Ra8 29. Qc6 1/2-1/2

[Event "Split op 4th"]
[Site "Split"]
[Date "2010.05.07"]
[Round "8"]
[White "Sale, Srdjan"]
[Black "Ljubicic, Filip"]
[Result "1-0"]
[WhiteElo "2396"]
[BlackElo "2367"]
[PlyCount "173"]
[EventDate "2010.04.30"]
[EventType "swiss"]
[EventRounds "9"]
[EventCountry "CRO"]
[SourceTitle "EXT 2011"]
[Source "ChessBase"]
[SourceDate "2010.11.26"]
[SourceVersion "1"]
[SourceVersionDate "2010.11.26"]
[SourceQuality "1"]

1. d4 Nf6 2. c4 e6 3. Nf3 d5 4. Nc3 Be7 5. Bg5 c6 6. e3 Nbd7 7. Qc2 Nf8 8. 0-0-0 Ng6 9. Bd3 Qa5 10. Kb1 dxc4 11. Bxc4 h6 12. Bxf6 gxf6 13. e4 Bd7 14. d5 0-0-0 15. Qb3 exd5 16. exd5 Qb4 17. Rhe1 Qxb3 18. Bxb3 Bc5 19. Nd4 Nh4 20. Ne4 Bxd4 21. Nd6+ Kc7 22. Rxd4 Nf5 23. Nxf5 Bxf5+ 24. Kc1 Be6 25. Rf4 cxd5 26. Rxf6 Kd6 27. Kd2 Rdg8 28. g3 Rg5 29. Rf4 Rf5 30. Rxf5 Bxf5 31. Kc3 Rg8 32. f3 Be6 33. Kd4 Rc8 34. Re5 Rc1 35. Rh5 Rf1 36. f4 Rf2 37. Rxh6 Ke7 38. Rh5 Rxb2 39. f5 Bd7 40. Bxd5 Bc6 41. Bb3 Rf2 42. h3 a5 43. f6+ Kxf6 44. Rxa5 Rf3 45. g4 Rxh3 46. Rf5+ Kg7 47. Rxf7+ Kg6 48. Be6 Kg5 49. Rf5+ Kg6 50. Bf7+ Kg7 51. Bh5 Ra3 52. Ke5 Rxa2 53. Rg5+ Kh6 54. Rg6+ Kh7 55. Kf6 Rf2+ 56. Kg5 Rd2 57. Rh6+ Kg7 58. Bg6 Rd7 59. Bf5 Rf7 60. Rd6 Bg2 61. Rd2 Bc6 62. Rh2 Bd5 63. Rh7+ Kg8 64. Rh6 Kg7 65. Rg6+ Kf8 66. Rd6 Bc6 67. Bg6 Rc7 68. Re6 Re7 69. Rf6+ Kg8 70. Rf2 Be8 71. Bf5 Bd7 72. Rb2 Bxf5 73. gxf5 Rd7 74. Rb6 Rd2 75. Rg6+ Kh7 76. Rh6+ Kg8 77. Kg6 Rd3 78. Rh1 Rg3+ 79. Kf6 Rc3 80. Rd1 Rc6+ 81. Kg5 Rc7 82. Kg6 Rg7+ 83. Kf6 Rc7 84. Rd8+ Kh7 85. Re8 Rc6+ 86. Kf7 b5 87. f6 1-0

[Event "Split op 4th"]
[Site "Split"]
[Date "2010.05.06"]
[Round "7"]
[White "Ljubicic, Filip"]
[Black "Biliskov, Vjekoslav"]
[Result "1-0"]
[WhiteElo "2367"]
[BlackElo "2284"]
[PlyCount "63"]
[EventDate "2010.04.30"]
[EventType "swiss"]
[EventRounds "9"]
[EventCountry "CRO"]
[SourceTitle "EXT 2011"]
[Source "ChessBase"]
[SourceDate "2010.11.26"]
[SourceVersion "1"]
[SourceVersionDate "2010.11.26"]
[SourceQuality "1"]

1. e4 c5 2. Nf3 d6 3. c3 Nf6 4. Be2 g6 5. 0-0 Bg7 6. h3 0-0 7. d3 c4 8. Bg5 cxd3 9. Bxd3 Nc6 10. Nbd2 Bd7 11. Re1 h6 12. Be3 Qc7 13. Nb3 Rfd8 14. Qe2 Be8 15. Rad1 a6 16. Nbd4 b5 17. Bc1 e5 18. Nc2 d5 19. exd5 Rxd5 20. Ne3 Rd6 21. Bc2 Rad8 22. Rxd6 Rxd6 23. Ng4 Nxg4 24. hxg4 Na5 25. Nd2 Re6 26. Ne4 Qc4 27. Qd1 Qxa2 28. Nc5 Re7 29. Qd6 Nc6 30. Be4 Bf8 31. Bxc6 Re6 32. Qd5 1-0

[Event "Split op 4th"]
[Site "Split"]
[Date "2010.05.05"]
[Round "6"]
[White "Ivic, Mateo"]
[Black "Ljubicic, Filip"]
[Result "0-1"]
[WhiteElo "2279"]
[BlackElo "2367"]
[PlyCount "60"]
[EventDate "2010.04.30"]
[EventType "swiss"]
[EventRounds "9"]
[EventCountry "CRO"]
[SourceTitle "EXT 2011"]
[Source "ChessBase"]
[SourceDate "2010.11.26"]
[SourceVersion "1"]
[SourceVersionDate "2010.11.26"]
[SourceQuality "1"]

1. e4 c5 2. Nf3 d6 3. d4 cxd4 4. Nxd4 Nf6 5. Nc3 a6 6. Bg5 e6 7. Qd2 h6 8. Bxf6 Qxf6 9. 0-0-0 Be7 10. f4 Nc6 11. e5 dxe5 12. Nxc6 bxc6 13. g3 exf4 14. Bg2 0-0 15. Ne4 Qf5 16. gxf4 Rb8 17. Rhg1 Qb5 18. b3 Qf5 19. Kb1 e5 20. fxe5 Qxe5 21. Bh1 Rd8 22. Qxd8+ Bxd8 23. Rxd8+ Kh7 24. Nd6 Bf5 25. Rxb8 Qxd6 26. Ra8 Bxc2+ 27. Kxc2 Qc5+ 28. Kb2 Qxg1 29. Be4+ g6 30. Rxa6 Qd4+ 0-1

[Event "Split op 4th"]
[Site "Split"]
[Date "2010.05.04"]
[Round "5"]
[White "Ljubicic, Filip"]
[Black "Armanda, Ivica"]
[Result "1/2-1/2"]
[WhiteElo "2367"]
[BlackElo "2356"]
[PlyCount "73"]
[EventDate "2010.04.30"]
[EventType "swiss"]
[EventRounds "9"]
[EventCountry "CRO"]
[SourceTitle "EXT 2011"]
[Source "ChessBase"]
[SourceDate "2010.11.26"]
[SourceVersion "1"]
[SourceVersionDate "2010.11.26"]
[SourceQuality "1"]

1. e4 c5 2. c3 g6 3. Bc4 Bg7 4. Nf3 Nc6 5. 0-0 a6 6. d4 b5 7. Bb3 c4 8. Bc2 d6 9. a4 Rb8 10. axb5 axb5 11. d5 Na5 12. Be3 Nf6 13. Bd4 0-0 14. Nbd2 e5 15. dxe6 Bxe6 16. e5 dxe5 17. Bxe5 Ra8 18. Nd4 Qb6 19. Nxe6 Qxe6 20. Nf3 Nc6 21. Rxa8 Rxa8 22. Bc7 Rc8 23. Bb6 Ne5 24. Bd4 Nxf3+ 25. Qxf3 Re8 26. h3 Qe2 27. Bd1 Qe4 28. Qg3 Qf5 29. Qc7 Qd7 30. Qxd7 Nxd7 31. Bf3 Ne5 32. Bxe5 Bxe5 33. Bc6 Rb8 34. f4 Bf6 35. Bd5 b4 36. Bxc4 bxc3 37. bxc3 1/2-1/2

[Event "CRO-chT1A 18th"]
[Site "Sibenik"]
[Date "2009.09.22"]
[Round "2"]
[White "Ljubicic, Filip"]
[Black "Jankovic, Alojzije"]
[Result "1/2-1/2"]
[WhiteElo "2374"]
[BlackElo "2548"]
[PlyCount "112"]
[EventDate "2009.09.21"]
[EventType "team-tourn"]
[EventRounds "9"]
[EventCountry "CRO"]
[SourceTitle "CBM 132 Extra"]
[Source "ChessBase"]
[SourceDate "2009.11.03"]
[SourceVersion "1"]
[SourceVersionDate "2009.11.03"]
[SourceQuality "1"]

1. e4 c5 2. Nf3 Nc6 3. d4 cxd4 4. Nxd4 Nf6 5. Nc3 d6 6. Be2 e5 7. Nb3 Be7 8. 0-0 0-0 9. Be3 a5 10. a4 Nb4 11. f4 Be6 12. Bf3 exf4 13. Bxf4 Nxc2 14. Qxc2 Qb6+ 15. Qf2 Qxb3 16. Rfd1 Rfd8 17. Be3 d5 18. exd5 Nxd5 19. Bxd5 Bxd5 20. Bb6 Rd7 21. Rd3 Bc6 22. Rh3 Bf6 23. Re1 Qxb6 24. Qxb6 Bd4+ 25. Qxd4 Rxd4 26. Re2 Re8 27. Rxe8+ Bxe8 28. Rh5 b6 29. Rd5 Rb4 30. Rd8 Kf8 31. Nd5 Rxb2 32. Nc7 Ke7 33. Rxe8+ Kd7 34. Rf8 Kxc7 35. Rxf7+ Kc6 36. Rxg7 Rb4 37. Rxh7 Rxa4 38. Rh6+ Kc5 39. Rh5+ Kc6 40. Rh6+ Kb7 41. Rh7+ Ka6 42. h4 Rc4 43. h5 a4 44. Rh8 Kb5 45. h6 Rh4 46. h7 a3 47. Ra8 Rxh7 48. Rxa3 Kc4 49. Kf2 b5 50. g4 b4 51. Ra1 Rh3 52. g5 b3 53. g6 Rh8 54. g7 Rb8 55. Ra7 b2 56. Rb7 Rg8 1/2-1/2

[Event "Pula op"]
[Site "Pula"]
[Date "2009.06.29"]
[Round "3"]
[White "Ljubicic, Filip"]
[Black "Medancic, Rikard"]
[Result "1-0"]
[WhiteElo "2406"]
[BlackElo "2238"]
[PlyCount "64"]
[EventDate "2009.06.27"]
[EventType "swiss"]
[EventRounds "9"]
[EventCountry "CRO"]
[SourceTitle "CBM 131 Extra"]
[Source "ChessBase"]
[SourceDate "2009.09.03"]
[SourceVersion "2"]
[SourceVersionDate "2009.09.16"]
[SourceQuality "1"]

1. e4 e5 2. Nf3 Nc6 3. Bb5 Nf6 4. 0-0 Be7 5. Re1 d6 6. c3 Bd7 7. d4 0-0 8. Ba4 Re8 9. Bb3 h6 10. Nbd2 Bf8 11. h3 a6 12. a3 b5 13. Bc2 g6 14. Nf1 Bg7 15. d5 Ne7 16. a4 Nh7 17. c4 f5 18. exf5 gxf5 19. c5 bxa4 20. Ng3 Nf6 21. c6 Bc8 22. Rxa4 Kh8 23. Nh4 f4 24. Nh5 Rf8 25. Nxf4 Kg8 26. Nhg6 Nxg6 27. Nxg6 Rf7 28. Rh4 Rb8 29. Bxh6 Bxh6 30. Rxh6 Kg7 31. Rh4 Ng8 32. Qh5 Kf6 1-0

[Event "Split op 3rd"]
[Site "Split"]
[Date "2009.03.06"]
[Round "8"]
[White "Biliskov, Vjekoslav"]
[Black "Ljubicic, Filip"]
[Result "0-1"]
[WhiteElo "2297"]
[BlackElo "2414"]
[PlyCount "62"]
[EventDate "2009.02.28"]
[EventType "swiss"]
[EventRounds "9"]
[EventCountry "CRO"]
[SourceTitle "CBM 129 Extra"]
[Source "ChessBase"]
[SourceDate "2009.05.05"]
[SourceVersion "2"]
[SourceVersionDate "2009.05.20"]
[SourceQuality "1"]

1. d4 Nf6 2. c4 e6 3. Nf3 d5 4. Nc3 c5 5. cxd5 exd5 6. Bg5 Be6 7. e3 c4 8. Be2 Nbd7 9. 0-0 Be7 10. Nd2 h6 11. Bh4 Qb6 12. Qc2 g6 13. Rad1 Rc8 14. f3 Qc6 15. e4 b5 16. exd5 Nxd5 17. Nxd5 Bxh4 18. Nf4 Bf5 19. Ne4 Bg5 20. Nh3 Bxh3 21. gxh3 Bf4 22. Kh1 0-0 23. Rg1 Qe6 24. Rg4 Qf5 25. Rdg1 Kh7 26. a4 a6 27. axb5 axb5 28. Ra1 Ra8 29. Rxa8 Rxa8 30. b3 Ra1+ 31. Rg1 Qxh3 0-1

[Event "Split op 3rd"]
[Site "Split"]
[Date "2009.03.05"]
[Round "6"]
[White "Ljubicic, Filip"]
[Black "Milosavljevic, Jovan"]
[Result "1-0"]
[WhiteElo "2414"]
[BlackElo "2082"]
[PlyCount "89"]
[EventDate "2009.02.28"]
[EventType "swiss"]
[EventRounds "9"]
[EventCountry "CRO"]
[SourceTitle "CBM 129 Extra"]
[Source "ChessBase"]
[SourceDate "2009.05.05"]
[SourceVersion "2"]
[SourceVersionDate "2009.05.20"]
[SourceQuality "1"]

1. e4 e5 2. Nf3 Nf6 3. Nxe5 d6 4. Nf3 Nxe4 5. d4 d5 6. Bd3 Nc6 7. 0-0 Be7 8. Re1 Bg4 9. c3 f5 10. Nbd2 0-0 11. Qb3 Na5 12. Qa4 Nxd2 13. Nxd2 Nc6 14. Qc2 Bd6 15. Nf1 Qf6 16. Bd2 Kh8 17. f3 Bh5 18. Re2 Rae8 19. Rae1 Rxe2 20. Rxe2 g5 21. Rf2 Ne7 22. f4 h6 23. Qc1 g4 24. Qc2 Be8 25. Qb3 b6 26. Re2 c5 27. dxc5 bxc5 28. Qd1 c4 29. Bc2 Bc5+ 30. Be3 Qb6 31. Kh1 Bc6 32. Bxc5 Qxc5 33. Re6 Ng8 34. Ne3 Bd7 35. Re5 Nf6 36. Nxd5 Qf2 37. Re2 Qh4 38. g3 Qh3 39. Kg1 Bc6 40. Nxf6 Rxf6 41. Qd8+ Kg7 42. Qe7+ Rf7 43. Qe5+ Rf6 44. Qc7+ Kf8 45. Qe7+ 1-0

[Event "Split op 3rd"]
[Site "Split"]
[Date "2009.02.28"]
[Round "1"]
[White "Ljubicic, Filip"]
[Black "Miskovic, Toni"]
[Result "1/2-1/2"]
[WhiteElo "2414"]
[BlackElo "1956"]
[PlyCount "81"]
[EventDate "2009.02.28"]
[EventType "swiss"]
[EventRounds "9"]
[EventCountry "CRO"]
[SourceTitle "CBM 129 Extra"]
[Source "ChessBase"]
[SourceDate "2009.05.05"]
[SourceVersion "2"]
[SourceVersionDate "2009.05.20"]
[SourceQuality "1"]

1. e4 c6 2. c4 d5 3. exd5 cxd5 4. cxd5 Nf6 5. Nc3 g6 6. Qa4+ Nbd7 7. Be2 Bg7 8. Bf3 0-0 9. d4 Nb6 10. Qb3 Bf5 11. Nge2 Bd3 12. Qd1 Bxe2 13. Qxe2 Nfxd5 14. 0-0 e6 15. Rd1 Qd7 16. Ne4 Rac8 17. Nc5 Qe7 18. Be3 Rfd8 19. Rac1 Nxe3 20. fxe3 Nd5 21. Bxd5 Rxd5 22. Ne4 Rcd8 23. Rc4 e5 24. Nc3 R5d7 25. d5 b5 26. Nxb5 Rxd5 27. Rxd5 Rxd5 28. Rc8+ Bf8 29. Nc3 Rc5 30. Ra8 Qb7 31. Rd8 Qc7 32. Qd2 Kg7 33. Rd7 Qc6 34. Rxa7 Rc4 35. Qd7 Qf6 36. Qd3 Bc5 37. Ra4 Rf4 38. h3 Rf1+ 39. Kh2 Qf2 40. Qe4 Qg1+ 41. Kg3 1/2-1/2

[Event "Zadar op 15th"]
[Site "Zadar"]
[Date "2008.12.18"]
[Round "7"]
[White "Brkic, Ante"]
[Black "Ljubicic, Filip"]
[Result "1-0"]
[WhiteElo "2558"]
[BlackElo "2415"]
[PlyCount "53"]
[EventDate "2008.12.14"]
[EventType "swiss"]
[EventRounds "9"]
[EventCountry "CRO"]
[SourceTitle "CBM 127 Extra"]
[Source "ChessBase"]
[SourceDate "2009.01.08"]
[SourceVersion "2"]
[SourceVersionDate "2009.01.28"]
[SourceQuality "1"]

1. e4 e6 2. d4 d5 3. Nc3 Nf6 4. e5 Nfd7 5. f4 c5 6. Nf3 Nc6 7. Be3 Be7 8. Qd2 a6 9. Be2 b5 10. a3 Qb6 11. Nd1 a5 12. 0-0 Ba6 13. Bf2 0-0 14. c3 b4 15. Bxa6 Qxa6 16. f5 bxc3 17. bxc3 cxd4 18. cxd4 Nb6 19. f6 gxf6 20. Rc1 Rfc8 21. Bh4 Nc4 22. Qh6 N4xe5 23. dxe5 fxe5 24. Ng5 Qa7+ 25. Bf2 Bc5 26. Qxh7+ Kf8 27. Nxe6+ 1-0